000 00446nam a2200181Ia 4500
001 8951
005 20260306160647.0
008 260306t2011||||xx |||||||||||||| ||spa||
041 _aESP
082 _a372.1
_bA171
100 _aAranda Redruello, Rosalía E.
_eAUT
245 0 _aAtención temprana en educación infantil
260 _c2011
300 _a423 páginas :
_c24 cm.
650 _aGEN
654 _aCED
942 _cLIB
_dJUS
_fJUS
_2ddc
_n
999 _c8951
_d8951